|
|
|
|
| LEADER |
00000nam0a2200000 4500 |
| 001 |
86535 |
| 005 |
20231101213502.0 |
| 020 |
|
|
|a RU
|b 82-6613
|
| 035 |
|
|
|a (RuTPU)RU\TPU\book\92931
|
| 090 |
|
|
|a 86535
|
| 100 |
|
|
|a 20051128d1981 m y0rusy5003 ca
|
| 101 |
0 |
|
|a rus
|
| 102 |
|
|
|a RU
|
| 105 |
|
|
|a a j 001zy
|
| 200 |
1 |
|
|a Новое в технологии сварки в зищитных газах
|e Учеб. пособие для слушателей заоч. курсов повышения квалификации ИТР по технологии и оборуд. свароч. пр-ва
|f Н. М. Воропай
|g Университет технического прогресса в машиностроении
|
| 210 |
|
|
|a Москва
|c Машиностроение
|d 1981
|
| 215 |
|
|
|a 47 с.
|c ил.
|d 21 см.
|
| 314 |
|
|
|a В надзаг.: Центр. правл. НТО машиностроит. пром-сти, Ун-т техн. прогресса в машиностроении
|
| 320 |
|
|
|a Библиогр.: с. 46.
|
| 610 |
1 |
|
|a электросварка дуговая
|
| 610 |
1 |
|
|a защитная атмосфера
|
| 610 |
1 |
|
|a защитные газы
|
| 610 |
1 |
|
|a новые технологии
|
| 610 |
1 |
|
|a плавящийся электрод
|
| 675 |
|
|
|a 621.791.753.9(075.4)
|z rus
|
| 700 |
|
1 |
|a Воропай
|b Н. М.
|g Николай Маркович
|4 070
|
| 712 |
0 |
2 |
|a Университет технического прогресса в машиностроении
|9 24571
|
| 801 |
|
0 |
|a RU
|b RuMRKP
|c 19950704
|g psbo
|
| 801 |
|
1 |
|a RU
|b 63413507
|c 20051128
|g PSBO
|
| 801 |
|
2 |
|a RU
|b 63413507
|c 20060111
|g PSBO
|
| 942 |
|
|
|c BK
|